[Event "ARG-ch U18"]
[Site "Ibague"]
[Date "2024.03.17"]
[Round "7"]
[White "Becker Newmark, Jeronimo"]
[Black "Puerta Rendon, Jacobo"]
[Result "1-0"]
[WhiteElo "1788"]
[BlackElo "1895"]
[PlyCount "45"]
[EventDate "2024.03.14"]
[EventType "swiss"]
[EventRounds "7"]
[EventCountry "COL"]
[SourceTitle "CB12_2024"]
[SourceDate "2023.10.01"]
[SourceVersion "1"]
[SourceVersionDate "2023.10.01"]
[SourceQuality "1"]

1. d4 Nf6 2. Bf4 e6 3. e3 d5 4. Nd2 Bd6 5. Ngf3 c5 6. c3 Nc6 7. Bg3 0-0 8. Bd3 Re8 9. Ne5 Qc7 10. f4 b6 11. 0-0 Bb7 12. Qf3 Nd7 13. Bxh7+ Kxh7 14. Qh5+ Kg8 15. Qxf7+ Kh8 16. Nxd7 Ba6 17. Rf2 Bd3 18. Qh5+ Kg8 19. Ne5 Bxe5 20. fxe5 Rf8 21. Bf4 Rf5 22. Qh3 g5 23. Bxg5 1-0

[Event "ARG-ch U18"]
[Site "Ibague"]
[Date "2024.03.17"]
[Round "6"]
[White "Castro Castro, Joaquin"]
[Black "Becker Newmark, Jeronimo"]
[Result "1/2-1/2"]
[WhiteElo "1967"]
[BlackElo "1788"]
[PlyCount "76"]
[EventDate "2024.03.14"]
[EventType "swiss"]
[EventRounds "7"]
[EventCountry "COL"]
[SourceTitle "CB12_2024"]
[SourceDate "2023.10.01"]
[SourceVersion "1"]
[SourceVersionDate "2023.10.01"]
[SourceQuality "1"]

1. e4 e6 2. d4 d5 3. e5 c5 4. c3 Nc6 5. Nf3 Qb6 6. a3 Nh6 7. Bd3 cxd4 8. 0-0 Bd7 9. b4 dxc3 10. Nxc3 Rc8 11. Bd2 Ng4 12. Qe2 f6 13. Nxd5 Nd4 14. Nxb6 Nxe2+ 15. Bxe2 axb6 16. h3 Nxe5 17. Nxe5 fxe5 18. Rfc1 Rxc1+ 19. Rxc1 Bc6 20. Be3 Bd6 21. Bxb6 Ke7 22. b5 Bd5 23. a4 Ra8 24. a5 e4 25. g3 Be5 26. Kf1 Kd7 27. Ke1 g6 28. Kd2 Bd6 29. Ke3 e5 30. Bf1 Ke6 31. Bg2 Bb4 32. Ra1 Rc8 33. Rb1 Rc3+ 34. Ke2 Bc4+ 35. Kd1 Rd3+ 36. Kc2 Rc3+ 37. Kd1 Rd3+ 38. Kc2 Rc3+ 1/2-1/2

[Event "Bucaramanga Santander-ch"]
[Site "Bucaramanga"]
[Date "2024.03.09"]
[Round "5"]
[White "Becker Newmark, Jeronimo"]
[Black "Caicedo Solano, Eduardo"]
[Result "1/2-1/2"]
[WhiteElo "1788"]
[BlackElo "1900"]
[PlyCount "49"]
[EventDate "2024.03.08"]
[EventType "swiss"]
[EventRounds "7"]
[EventCountry "COL"]
[SourceTitle "CB13_2024"]
[SourceDate "2024.03.27"]
[SourceVersion "1"]
[SourceVersionDate "2024.03.27"]
[SourceQuality "1"]

1. d4 d5 2. Bf4 Nf6 3. e3 Nbd7 4. Nd2 e6 5. Ngf3 Be7 6. h3 a5 7. Bd3 b6 8. Qe2 Bb7 9. 0-0 Ne4 10. Ne5 Nxe5 11. Bxe4 Ng6 12. Bd3 Bd6 13. Bxd6 Qxd6 14. Nf3 c5 15. Bb5+ Bc6 16. dxc5 bxc5 17. Bxc6+ Qxc6 18. c4 Qa6 19. Rac1 0-0 20. Qc2 Rfc8 21. cxd5 exd5 22. Rfd1 d4 23. Qd3 dxe3 24. Qxe3 Qb6 25. Rc2 1/2-1/2

[Event "Bucaramanga op"]
[Site "Bucaramanga"]
[Date "2023.09.08"]
[Round "6"]
[White "Becker Newmark, Jeronimo"]
[Black "Angarita Santos, Luis Carlos"]
[Result "0-1"]
[WhiteElo "1655"]
[BlackElo "1401"]
[PlyCount "64"]
[EventDate "2023.09.06"]
[EventType "swiss"]
[EventRounds "9"]
[EventCountry "COL"]
[SourceTitle "EXT 2024"]
[Source "ChessBase"]
[SourceDate "2023.10.10"]
[SourceVersion "1"]
[SourceVersionDate "2023.10.10"]
[SourceQuality "1"]

1. d4 e6 2. Bf4 d5 3. e3 c5 4. c3 Nd7 5. Nd2 Qb6 6. Rc1 Bd6 7. Ngf3 Ne7 8. Bd3 cxd4 9. Bxd6 dxe3 10. Bxe7 exd2+ 11. Qxd2 Kxe7 12. 0-0 h6 13. Rce1 Re8 14. Kh1 Kf8 15. Ne5 Nxe5 16. Rxe5 f6 17. Re3 e5 18. Bg6 Rd8 19. f4 e4 20. f5 Qa6 21. Rfe1 b5 22. Rxe4 Bxf5 23. Bxf5 dxe4 24. Qf2 Qd6 25. Bxe4 Rac8 26. h3 Re8 27. Qf5 Qd2 28. Rf1 Qg5 29. Qh7 Kf7 30. Re1 Rcd8 31. Kg1 Re5 32. Rf1 Qe3+ 0-1

[Event "Bucaramanga op"]
[Site "Bucaramanga"]
[Date "2023.09.07"]
[Round "3"]
[White "Olarte Mateus, Juan Vicente"]
[Black "Becker Newmark, Jeronimo"]
[Result "0-1"]
[WhiteElo "1888"]
[BlackElo "1655"]
[PlyCount "82"]
[EventDate "2023.09.06"]
[EventType "swiss"]
[EventRounds "9"]
[EventCountry "COL"]
[SourceTitle "EXT 2024"]
[Source "ChessBase"]
[SourceDate "2023.10.10"]
[SourceVersion "1"]
[SourceVersionDate "2023.10.10"]
[SourceQuality "1"]

1. e4 e6 2. d4 d5 3. Nc3 Nf6 4. g4 c5 5. dxc5 Bxc5 6. Bb5+ Nc6 7. e5 Nd7 8. Bxc6 bxc6 9. Qe2 a5 10. f4 Qh4+ 11. Kd1 Ba6 12. Qg2 0-0 13. Nf3 Qe7 14. g5 Kh8 15. h4 f6 16. exf6 gxf6 17. g6 hxg6 18. h5 g5 19. Na4 Ba7 20. b3 Rg8 21. fxg5 fxg5 22. Bb2+ Kh7 23. c4 e5 24. c5 Raf8 25. Rg1 Kh6 26. Bc1 Rf5 27. Nh4 Qf6 28. Nxf5+ Qxf5 29. Qg4 Qxg4+ 30. Rxg4 Kxh5 31. Rg2 Nxc5 32. Bd2 Nxa4 33. bxa4 e4 34. Bf4 Rf8 35. Rxg5+ Kh4 36. Rg7 Bd4 37. Rh7+ Kg4 38. Rc1 Kxf4 39. Rxc6 Bd3 40. Rch6 Ke3 41. Rh3+ Rf3 0-1

[Event "Sabaneta op-B 2nd"]
[Site "Sabaneta Antioquia"]
[Date "2023.07.02"]
[Round "7"]
[White "Becker Newmark, Jeronimo"]
[Black "Sanchez Escobar, Nelson"]
[Result "1-0"]
[WhiteElo "1550"]
[BlackElo "1709"]
[PlyCount "155"]
[EventDate "2023.06.28"]
[EventType "swiss"]
[EventRounds "9"]
[EventCountry "COL"]
[SourceTitle "EXT 2024"]
[Source "ChessBase"]
[SourceDate "2023.10.10"]
[SourceVersion "1"]
[SourceVersionDate "2023.10.10"]
[SourceQuality "1"]

1. d4 d5 2. Bf4 f6 3. Nf3 Nc6 4. e3 Bg4 5. Be2 e6 6. h3 Bh5 7. Nbd2 Bd6 8. c3 Bxf4 9. exf4 Nge7 10. Qb3 Rb8 11. 0-0 0-0 12. Rfe1 Bf7 13. Bd3 a6 14. a4 Na5 15. Qc2 g6 16. h4 Nac6 17. h5 b5 18. axb5 axb5 19. b4 Kh8 20. hxg6 Nxg6 21. g3 Rg8 22. Bxg6 Bxg6 23. Qd1 Bf5 24. Kg2 Bg4 25. Nb3 Qd6 26. Nc5 Ne7 27. Kf1 Ng6 28. Qd3 c6 29. Ra7 Bh3+ 30. Ke2 Bg4 31. Rd7 Qf8 32. Ra1 e5 33. dxe5 fxe5 34. fxe5 Bxd7 35. Nxd7 Qe7 36. Nxb8 Rxb8 37. Qd4 Qe6 38. Ng5 Qxe5+ 39. Qxe5+ Nxe5 40. Ra7 Re8 41. Kf1 Kg8 42. Rc7 h6 43. Nh3 Re6 44. Nf4 Rf6 45. Ke2 Ng4 46. f3 Ne5 47. Re7 Nc4 48. Ne6 Nd6 49. Nd4 Nf7 50. Rc7 Ne5 51. f4 Nc4 52. Nxc6 Re6+ 53. Kf2 Re3 54. Ne7+ Kf8 55. Ng6+ Kg8 56. Rxc4 Re6 57. Rc8+ Kg7 58. Ne5 h5 59. Rc5 d4 60. cxd4 Rd6 61. Nf3 h4 62. Nxh4 Kf6 63. Nf3 Ra6 64. Rxb5 Ra2+ 65. Ke3 Ra3+ 66. Ke4 Ra2 67. Rb6+ Ke7 68. Kd5 Ra3 69. Ne5 Rxg3 70. Rb7+ Kd8 71. Kd6 Kc8 72. Rc7+ Kd8 73. Rh7 Kc8 74. Nc6 Rg6+ 75. Kc5 Rf6 76. Kb6 Rf7 77. Rh8+ Rf8 78. Rxf8+ 1-0

[Event "COL-ch U18"]
[Site "Bogota"]
[Date "2023.05.13"]
[Round "5"]
[White "Becker Newmark, Jeronimo"]
[Black "Giraldo Guevara, Juan Diego"]
[Result "0-1"]
[WhiteElo "1572"]
[BlackElo "1583"]
[PlyCount "62"]
[EventDate "2023.05.11"]
[EventType "swiss"]
[EventRounds "7"]
[EventCountry "COL"]
[SourceTitle "CBM 214 Extra"]
[Source "ChessBase"]
[SourceDate "2023.07.31"]
[SourceVersion "1"]
[SourceVersionDate "2023.07.31"]
[SourceQuality "1"]

1. d4 Nf6 2. Bf4 d5 3. e3 c5 4. c3 Nc6 5. Nd2 Nd7 6. Ngf3 e6 7. Bd3 Nf6 8. 0-0 Be7 9. h3 0-0 10. Ne5 Nxe5 11. dxe5 Nd7 12. Qh5 f5 13. Nf3 Qe8 14. Qxe8 Rxe8 15. a4 b6 16. Bb5 a6 17. Bc6 Ra7 18. c4 dxc4 19. Nd2 c3 20. bxc3 Rc7 21. Bxd7 Rxd7 22. Nc4 b5 23. axb5 axb5 24. Nb6 Rd3 25. Rfd1 Rxd1+ 26. Rxd1 Bb7 27. Rd7 Be4 28. f3 Bc2 29. Rd2 Bb3 30. Rb2 c4 31. e4 Bc5+ 0-1

[Event "COL-chT"]
[Site "Bucaramanga"]
[Date "2022.09.08"]
[Round "4.3"]
[White "Becker Newmark, Jeronimo"]
[Black "Lopez, Ricardo Andres"]
[Result "0-1"]
[WhiteElo "1588"]
[BlackElo "1645"]
[PlyCount "66"]
[EventDate "2022.09.06"]
[EventType "team-swiss"]
[EventRounds "7"]
[EventCountry "COL"]
[SourceTitle "CBM 210 Extra"]
[Source "ChessBase"]
[SourceDate "2022.11.30"]
[SourceVersion "1"]
[SourceVersionDate "2022.11.30"]
[SourceQuality "1"]
[WhiteTeam "Santander Norgtech"]
[BlackTeam "Valle II"]
[WhiteTeamCountry "COL"]
[BlackTeamCountry "COL"]

1. d4 Nf6 2. Bf4 g6 3. Nc3 Bg7 4. e4 d6 5. Qd2 Nbd7 6. Nf3 a6 7. 0-0-0 b5 8. e5 b4 9. exf6 bxc3 10. Qxc3 Nxf6 11. Be2 0-0 12. Qd2 Bf5 13. Bd3 Bxd3 14. cxd3 Qd7 15. Bh6 Qa4 16. a3 Rfb8 17. Rhe1 e6 18. Re2 Rb6 19. Bxg7 Kxg7 20. Rde1 Rab8 21. Qd1 Qa5 22. Rc2 Rb3 23. Ree2 Nd5 24. g3 Nb4 25. axb4 Qa1+ 26. Kd2 Rxd3+ 27. Kxd3 Qxd1+ 28. Ke3 Rxb4 29. Rxc7 Rb3+ 30. Rc3 Qc1+ 31. Kd3 Rxc3+ 32. bxc3 a5 33. Nd2 a4 0-1

[Event "COL-ch U14"]
[Site "Bucaramanga"]
[Date "2022.05.05"]
[Round "2"]
[White "Zapata Polo, Orlando Jose"]
[Black "Becker Newmark, Jeronimo"]
[Result "0-1"]
[WhiteElo "1207"]
[BlackElo "1636"]
[PlyCount "65"]
[EventDate "2022.05.04"]
[EventType "swiss"]
[EventRounds "9"]
[EventCountry "COL"]
[SourceTitle "EXT 2023"]
[Source "ChessBase"]
[SourceDate "2022.10.05"]
[SourceVersion "1"]
[SourceVersionDate "2022.10.05"]
[SourceQuality "1"]

1. e4 e6 2. d4 d5 3. exd5 exd5 4. Nc3 Nf6 5. Nf3 Bg4 6. Bb5+ c6 7. Be2 Bd6 8. 0-0 0-0 9. Ne5 Bxe2 10. Qxe2 Nbd7 11. f4 Qb6 12. Qe3 Rad8 13. a3 c5 14. Nxd7 Rxd7 15. Qh3 cxd4 16. Nxd5 Qc6 17. Nxf6+ gxf6 18. Rf3 Kh8 19. Qf5 Rg8 20. Qxf6+ Rg7 21. Rg3 Bf8 22. Qe5 Re7 23. Qxd4 Re1+ 24. Kf2 Bc5 25. Be3 Bxd4 26. Bxd4 Qxc2+ 27. Kxe1 Qe4+ 28. Kf1 Qxd4 29. Re1 Rxg3 30. hxg3 Qxb2 31. a4 Qb3 32. f5 Kg7 33. g4 0-1

[Event "Bucaramanga Santander-ch"]
[Site "Bucaramanga"]
[Date "2022.04.08"]
[Round "1"]
[White "Moreno Vega, Jose Miguel"]
[Black "Becker Newmark, Jeronimo"]
[Result "0-1"]
[WhiteElo "1819"]
[BlackElo "1620"]
[PlyCount "55"]
[EventDate "2022.04.08"]
[EventType "swiss"]
[EventRounds "8"]
[EventCountry "COL"]
[SourceTitle "CBM 207 Extra"]
[Source "ChessBase"]
[SourceDate "2022.05.31"]
[SourceVersion "1"]
[SourceVersionDate "2022.05.31"]
[SourceQuality "1"]

1. d4 d5 2. c4 c6 3. Nc3 Nf6 4. cxd5 cxd5 5. f3 Nc6 6. e4 e6 7. e5 Nd7 8. f4 Be7 9. Nf3 0-0 10. Bd3 f6 11. 0-0 a6 12. a3 b5 13. h3 Nb6 14. Kh1 Kh8 15. Qc2 f5 16. Be3 Bd7 17. g4 g6 18. Rg1 b4 19. gxf5 gxf5 20. Ne2 Rc8 21. Qd2 Nc4 22. Bxc4 dxc4 23. axb4 Nxb4 24. Rg2 Bc6 25. Rf2 Nd3 26. Rff1 Rb8 27. Ra2 Bxf3+ 28. Rxf3 0-1